Sports Quiz

Random Sports or NBA Quiz

NBA Draft Year Quiz Stats

 Plays Quiz not verified by Sporcle

Challenge
Share
Tweet
Embed
Score 0/25 Timer 04:00
0 Plays Today
Player Put the draft class year % Correct
Lebron James???
100%
Stephen Curry???
98.8%
Russell Westbrook???
98.4%
Dirk Nowitzki???
96.5%
Joakim Noah???
96.1%
Rajon Rondo???
95.3%
Michael Jordan???
94.5%
Snake (Kevin Durant)???
94.5%
Kobe Bryant???
94.1%
Kawhi Leonard???
93.8%
Kevin Love???
93.4%
Karl-Anthony Towns???
93%
Paul George???
91.8%
Player Put the draft class year % Correct
Derrick Rose???
91.4%
Damian Lillard???
91.4%
Scottie Pippen???
90.6%
Demarcus Cousins???
88.3%
DeMar DeRozan???
86.7%
Rudy Gay???
86.3%
Klay Thompson???
85.2%
Zaza Pachulia???
77.7%
The GOAT Bryan Scalabrine???
76.6%
John Wall???
75.4%
Muggsy Bogues???
73%
Bojan Bogdanovic???
70.7%

You're not logged in!

Compare scores with friends on all Sporcle quizzes.
Join for Free
OR
Log In

You Might Also Like...

Show Comments

Extras

Top Quizzes Today


Score Distribution

Your Account Isn't Verified!

In order to create a playlist on Sporcle, you need to verify the email address you used during registration. Go to your Sporcle Settings to finish the process.

Report this User

Report this user for behavior that violates our Community Guidelines.

Details: